Countries That Have Launched the Most Objects Into Space - Statistics

General Stats
  • This quiz has been taken 35 times
  • The average score is 12 of 15
Answer Stats
# of Objects Launched Into Space Country % Correct
1,120 China
100%
153 France
100%
125 Germany
100%
3,730 Russia
100%
766 United Kingdom
100%
9,710 United States
100%
61 Australia
95%
109 Canada
95%
145 India
95%
85 Italy
95%
326 Japan
91%
63 South Korea
86%
69 Spain
86%
87 Luxembourg
0%
47 Uruguay
0%
No matching quizzes found
Score Distribution
Percent of People with Each Score
Percentile by Number Answered
Your Score History
You have not taken this quiz